Normal view
MARC view
- Bensusán Areous, Graciela Irma
Entry Nombre Personal
001 - NUMERO DE CONTROL
- campo de control: 40349
003 - IDENTIFICADOR DE NUMERO DE CONTROL
- campo de control: UPN
005 - FECHA Y HORA DE LA ÜLTIMA TRANSACCIÓN
- campo de control: 20210219194555.0
008 - DATOS DE LONGITUD FIJA
- campo de control de longitud fija: nabaccnnaabn|||||||||| b |nc|||||d
035 ## - NUMERO DE CONTROL
- Número de control: UPN11000012456
040 ## - FUENTE DE CATALOGACIÓN
- Lenguaje de catalogación: SPA
- Agencia de transcripción: UPN
100 1# - ENCABEZAMIENTO - NOMBRE PERSONAL
- Nombre personal: Bensusán Areous, Graciela Irma
400 1# - VEÁSE - NOMBRE DE PERSONA
- Personal name: Bensusán, Graciela
670 ## - FUENTE EN LA QUE SE LOCALIZARON DATOS
- Cita de la fuente: LC
680 ## - NOTA PUBLICA DE ACCESO PÚBLICO
- Frase explicativa de la referencia: Académica mexicana con Doctorado en Ciencia Política
902 ## - CATALOGADOR
- Catalogador: MMA/270717
